Presidents of Montenegro by Picture - Statistics

General Stats
  • This quiz has been taken 21 times
  • The average score is 10 of 20
Answer Stats
Picture Hint Answer % Correct
2023-Present Jakov Milatović
93%
1998-2002 | 2018-2023 Milo Đukanović
93%
2002-2003 | 2003-2018 Filip Vujanović
79%
1990-1998 Momir Bulatović
79%
1967-1969 | 1974-1982 Veljko Milatović
79%
1953-1962 Blažo Jovanović
71%
2003 Dragan Kujović
57%
2003 Rifat Rastoder
50%
1982-1983 Veselin Đuranović
50%
1988-1989 Božina Ivanović
43%
1989-1990 Branko Kostić
43%
1943-1946 Niko Miljanić
43%
1963-1967 Andrija Mugoša
36%
1962-1963 Filip Bajković
36%
1983-1984 Marko Orlandić
36%
1950-1953 Nikola Kovačević
36%
1969-1974 Vidoje Žarković
36%
1985-1986 Branislav Šośkić
29%
1974 Budislav Šośkić
29%
1986-1988 Radivoje Brajović
29%
No matching quizzes found
Score Distribution
Percent of People with Each Score
Percentile by Number Answered
Your Score History
You have not taken this quiz